Gravimetric methods for the determination of the fat content of milk and milk products (Record no. 22205)

MARC details
000 -LEADER
fixed length control field 00328nam a2200109Ia 4500
082 ## - DEWEY DECIMAL CLASSIFICATION NUMBER
Classification number 637.1
Item number WAL
100 ## - MAIN ENTRY--AUTHOR NAME
Personal name WALSTRA, P
245 #0 - TITLE STATEMENT
Title Gravimetric methods for the determination of the fat content of milk and milk products
260 ## - PUBLICATION, DISTRIBUTION, ETC. (IMPRINT)
Place of publication Wageningen
Name of publisher H Veerman
Year of publication 1961
942 ## - ADDED ENTRY ELEMENTS (KOHA)
Koha item type Books
Holdings
Withdrawn status Lost status Damaged status Not for loan Home library Current library Date acquired Source of acquisition Full call number Accession Number Koha item type
        RRII Library RRII Library 16/12/2021 Auction 637.1 WAL 02926 Books